[Event "Ambelokipi op 103rd"]
[Site "Athens"]
[Date "2010.03.17"]
[Round "4"]
[White "Ilandzis, Spyridon"]
[Black "Himaras, Stefanos"]
[Result "1/2-1/2"]
[WhiteElo "2136"]
[BlackElo "2290"]
[PlyCount "106"]
[EventDate "2010.03.06"]
[EventType "swiss"]
[EventRounds "7"]
[EventCountry "GRE"]
[SourceTitle "CBM 135 Extra"]
[Source "ChessBase"]
[SourceDate "2010.05.04"]
[SourceVersion "1"]
[SourceVersionDate "2010.05.04"]
[SourceQuality "1"]

1. d4 g6 2. c4 Nf6 3. Nf3 Bg7 4. Nc3 0-0 5. Bg5 d6 6. Qd2 c5 7. d5 e6 8. e4 exd5 9. exd5 Bg4 10. Be2 Bxf3 11. Bxf3 Re8+ 12. Be2 Nbd7 13. 0-0 a6 14. a3 Qb6 15. Rab1 Ne4 16. Nxe4 Rxe4 17. Bd3 Ree8 18. b4 Qc7 19. f4 h6 20. Bh4 Nf6 21. Rfe1 Ng4 22. h3 Nf6 23. Rxe8+ Rxe8 24. Re1 Rxe1+ 25. Qxe1 cxb4 26. axb4 b5 27. cxb5 axb5 28. Bxf6 Bxf6 29. g3 Kg7 30. Kg2 Qb7 31. Qe4 Qa6 32. h4 Qa4 33. h5 gxh5 34. Qh7+ Kf8 35. Qxh6+ Ke7 36. Qxh5 Qxb4 37. Qe2+ Kf8 38. Bxb5 Qb2 39. Qxb2 Bxb2 40. Kf3 Kg7 41. Ke4 f6 42. Kf5 Kf7 43. Bd7 Bc3 44. Be6+ Kg7 45. Bc8 Kf7 46. Kg4 Kg6 47. Bd7 Be1 48. Be8+ Kg7 49. Kf3 Kf8 50. Bh5 Kg7 51. g4 Bd2 52. Ke4 Bc1 53. Kf5 Bd2 1/2-1/2

[Event "Ambelokipi op 097th"]
[Site "Athens"]
[Date "2009.06.27"]
[Round "4"]
[White "Himaras, Stefanos"]
[Black "Anastasopoulos, Spyros"]
[Result "1-0"]
[WhiteElo "2274"]
[BlackElo "2168"]
[PlyCount "75"]
[EventDate "2009.06.06"]
[EventType "swiss"]
[EventRounds "6"]
[EventCountry "GRE"]
[SourceTitle "EXT 2024"]
[Source "ChessBase"]
[SourceDate "2023.10.10"]
[SourceVersion "1"]
[SourceVersionDate "2023.10.10"]
[SourceQuality "1"]

1. d4 Nf6 2. Nf3 g6 3. c4 Bg7 4. g3 0-0 5. Bg2 d5 6. 0-0 dxc4 7. Na3 c3 8. bxc3 c5 9. e3 Nc6 10. Qe2 Qa5 11. Bb2 Nd5 12. Rfc1 Nb6 13. Nd2 Na4 14. Nb3 Qc7 15. Rab1 Nxb2 16. Rxb2 cxd4 17. cxd4 Qd6 18. Nc4 Qd8 19. Nc5 e5 20. Nxb7 Bxb7 21. Rxb7 Na5 22. Rbb1 Nxc4 23. Bxa8 Na3 24. Rb3 Qxa8 25. Rxa3 exd4 26. Rd3 Re8 27. Qd2 dxe3 28. Rxe3 Rb8 29. Rb3 Rxb3 30. axb3 h5 31. Rd1 Qe4 32. Qd5 Qc2 33. Qf3 Bc3 34. Kg2 Bd2 35. h4 a5 36. Kh2 Bc3 37. Rd8+ Kh7 38. Rc8 1-0

[Event "Ambelokipi op 091th"]
[Site "Athens"]
[Date "2008.11.08"]
[Round "1"]
[White "Himaras, Stefanos"]
[Black "Kontos, Vasilios"]
[Result "1-0"]
[WhiteElo "2201"]
[BlackElo "1629"]
[PlyCount "91"]
[EventDate "2008.11.08"]
[EventType "swiss"]
[EventCountry "GRE"]
[SourceTitle "EXT 2024"]
[Source "ChessBase"]
[SourceDate "2023.10.10"]
[SourceVersion "1"]
[SourceVersionDate "2023.10.10"]
[SourceQuality "1"]

1. d4 d5 2. Nf3 e6 3. g3 Be7 4. Bg2 Nf6 5. c4 0-0 6. 0-0 b6 7. cxd5 exd5 8. Nc3 Bb7 9. Bf4 Nbd7 10. Rc1 a6 11. Qc2 c5 12. dxc5 bxc5 13. Qb3 Bc6 14. Ne5 Nxe5 15. Bxe5 Ne4 16. Rfd1 Nxc3 17. Rxc3 c4 18. Qc2 Qa5 19. b3 Bb4 20. Re3 d4 21. Bxd4 Bxg2 22. Kxg2 Qd5+ 23. Kg1 cxb3 24. Qxb3 Qxb3 25. Rxb3 Rfb8 26. Kg2 Ba5 27. Rdb1 Bc7 28. Rb7 Bd6 29. R1b6 Rxb7 30. Rxb7 f6 31. f4 a5 32. Rd7 Bb4 33. g4 Rc8 34. g5 Rc2 35. Kf3 Rxa2 36. gxf6 gxf6 37. Bxf6 a4 38. Rg7+ Kf8 39. Rxh7 a3 40. Ra7 Rc2 41. h4 Rc1 42. h5 Rf1+ 43. Kg4 Bd6 44. h6 Rxf4+ 45. Kg5 a2 46. h7 1-0

[Event "Ambelokipi op 089th"]
[Site "Athens"]
[Date "2008.09.24"]
[Round "6"]
[White "Skalkotas, Nikolaos"]
[Black "Himaras, Stefanos"]
[Result "1-0"]
[WhiteElo "2273"]
[BlackElo "2201"]
[PlyCount "76"]
[EventDate "2008.09.06"]
[EventType "swiss"]
[EventRounds "6"]
[EventCountry "GRE"]
[SourceTitle "EXT 2024"]
[Source "ChessBase"]
[SourceDate "2023.10.10"]
[SourceVersion "1"]
[SourceVersionDate "2023.10.10"]
[SourceQuality "1"]

1. a3 Nf6 2. Nf3 g6 3. b4 Bg7 4. Bb2 0-0 5. e3 d6 6. c4 e5 7. d4 e4 8. Nfd2 Re8 9. Be2 h5 10. h3 h4 11. Nc3 Bf5 12. g4 hxg3 13. fxg3 c5 14. Nb3 cxd4 15. Nxd4 Bd7 16. g4 Nc6 17. Nxc6 Bxc6 18. b5 Bd7 19. Qxd6 Qa5 20. 0-0 Rad8 21. Qb4 Qc7 22. Kg2 Bxg4 23. hxg4 Rd2 24. Rf2 Nxg4 25. Bxg4 Rxf2+ 26. Kxf2 Qh2+ 27. Kf1 Qh1+ 28. Ke2 Qg2+ 29. Kd1 Rd8+ 30. Kc1 Rd2 31. Be2 Rd7 32. Nd5 Qxe2 33. Bxg7 Qf1+ 34. Kb2 Qf2+ 35. Kb1 Kxg7 36. Qb2+ Qxb2+ 37. Kxb2 g5 38. Kc3 Kg6 1-0

[Event "Ambelokipi op 089th"]
[Site "Athens"]
[Date "2008.09.17"]
[Round "4"]
[White "Himaras, Stefanos"]
[Black "Stamatiadis, Georgios"]
[Result "1-0"]
[WhiteElo "2201"]
[BlackElo "1727"]
[PlyCount "43"]
[EventDate "2008.09.06"]
[EventType "swiss"]
[EventRounds "6"]
[EventCountry "GRE"]
[SourceTitle "EXT 2024"]
[Source "ChessBase"]
[SourceDate "2023.10.10"]
[SourceVersion "1"]
[SourceVersionDate "2023.10.10"]
[SourceQuality "1"]

1. Nf3 Nf6 2. c4 e6 3. g3 b6 4. Bg2 Bb7 5. 0-0 c5 6. Nc3 Nc6 7. Re1 Be7 8. e4 d6 9. d4 cxd4 10. Nxd4 Rc8 11. b3 0-0 12. Be3 a6 13. Rc1 Qc7 14. Nd5 exd5 15. cxd5 Qb8 16. dxc6 Ba8 17. Nf5 Bd8 18. Bf4 Ne8 19. e5 dxe5 20. Bxe5 Qa7 21. Qg4 Nf6 22. Qxg7# 1-0

[Event "Ambelokipi op 089th"]
[Site "Athens"]
[Date "2008.09.10"]
[Round "2"]
[White "Himaras, Stefanos"]
[Black "Sarakenidis, Nikolaos"]
[Result "1-0"]
[WhiteElo "2201"]
[BlackElo "1905"]
[PlyCount "81"]
[EventDate "2008.09.06"]
[EventType "swiss"]
[EventRounds "6"]
[EventCountry "GRE"]
[SourceTitle "EXT 2024"]
[Source "ChessBase"]
[SourceDate "2023.10.10"]
[SourceVersion "1"]
[SourceVersionDate "2023.10.10"]
[SourceQuality "1"]

1. d4 d6 2. c4 f5 3. Nf3 Nf6 4. g3 g6 5. Bg2 Bg7 6. b4 c6 7. Bb2 a5 8. a3 0-0 9. 0-0 axb4 10. axb4 Rxa1 11. Bxa1 Na6 12. Qb3 Be6 13. Ng5 Qd7 14. Nd2 h6 15. Nxe6 Qxe6 16. e3 Nc7 17. Bc3 Ra8 18. Rd1 Qf7 19. Qc2 d5 20. Bb2 dxc4 21. Nxc4 Ncd5 22. Ba3 Qe6 23. Rb1 Nb6 24. Nxb6 Rxa3 25. Nc4 Ra7 26. Bf3 g5 27. b5 g4 28. Be2 cxb5 29. Rxb5 Ra1+ 30. Rb1 Rxb1+ 31. Qxb1 Nd7 32. Bd3 Nf6 33. Qxb7 Ne4 34. Bxe4 fxe4 35. Qb3 Qf7 36. Nd2 e6 37. Nxe4 Qf3 38. Qxe6+ Kh8 39. Nd2 Qe2 40. Nf1 Qf3 41. d5 1-0

[Event "Heraclion op 10th"]
[Site "Athens"]
[Date "2006.06.17"]
[Round "8"]
[White "Himaras, Stefanos"]
[Black "Tsiropoulas, Apostolos"]
[Result "1-0"]
[WhiteElo "2208"]
[BlackElo "2012"]
[PlyCount "71"]
[EventDate "2006.06.10"]
[EventType "swiss"]
[EventRounds "9"]
[EventCountry "GRE"]
[SourceTitle "CBM 112 Extra"]
[Source "ChessBase"]
[SourceDate "2006.07.14"]
[SourceVersion "1"]
[SourceVersionDate "2006.07.14"]
[SourceQuality "1"]

1. d4 Nf6 2. Nf3 g6 3. c4 Bg7 4. g3 0-0 5. Bg2 d6 6. Nc3 Nc6 7. 0-0 Bf5 8. Re1 Ne4 9. Nd5 Qd7 10. b3 h6 11. Bb2 g5 12. e3 e6 13. Nc3 Nb4 14. Nxe4 Bxe4 15. Ne5 dxe5 16. Bxe4 Nc6 17. dxe5 Qxd1 18. Raxd1 Nxe5 19. Bxb7 Rad8 20. Ba3 Rfe8 21. Bg2 Nd3 22. Re2 Bc3 23. Rc2 Ba5 24. Kf1 Ne5 25. Rxd8 Rxd8 26. b4 Rd3 27. Bb2 Bxb4 28. Bxe5 Rd1+ 29. Ke2 Re1+ 30. Kf3 f5 31. h3 Bd6 32. Bxd6 cxd6 33. g4 Kf7 34. c5 dxc5 35. Rxc5 Rg1 36. gxf5 1-0

[Event "Athens Attikis op"]
[Site "Athens"]
[Date "2006.06.05"]
[Round "6"]
[White "Hering, Evgenios"]
[Black "Himaras, Stefanos"]
[Result "0-1"]
[WhiteElo "2086"]
[BlackElo "2208"]
[PlyCount "52"]
[EventDate "2006.06.01"]
[EventType "swiss"]
[EventRounds "9"]
[EventCountry "GRE"]
[SourceTitle "EXT 2024"]
[Source "ChessBase"]
[SourceDate "2023.10.10"]
[SourceVersion "1"]
[SourceVersionDate "2023.10.10"]
[SourceQuality "1"]

1. d4 Nf6 2. c4 c5 3. d5 e6 4. Nc3 d6 5. e4 g6 6. f4 Bg7 7. Nf3 exd5 8. cxd5 0-0 9. Be2 Bg4 10. 0-0 Nbd7 11. h3 Bxf3 12. Bxf3 Re8 13. Re1 a6 14. a4 Rc8 15. Be3 c4 16. Bf2 Nc5 17. Re2 Nfd7 18. Bg3 Nd3 19. Bg4 Rb8 20. Bxd7 Qxd7 21. Qc2 b5 22. axb5 axb5 23. Rf1 Nxb2 24. e5 Nd3 25. f5 dxe5 26. Ne4 gxf5 0-1

[Event "Ambelokipi op 70th"]
[Site "Athens"]
[Date "2006.05.27"]
[Round "7"]
[White "Himaras, Stefanos"]
[Black "Ponirakis, Dimitrios"]
[Result "1/2-1/2"]
[WhiteElo "2218"]
[BlackElo "1982"]
[PlyCount "109"]
[EventDate "2006.05.06"]
[EventType "swiss"]
[EventRounds "7"]
[EventCountry "GRE"]
[SourceTitle "EXT 2007"]
[Source "ChessBase"]
[SourceDate "2006.11.23"]
[SourceVersion "1"]
[SourceVersionDate "2006.11.23"]
[SourceQuality "1"]

1. d4 d5 2. Nf3 Nf6 3. c4 e6 4. g3 Be7 5. Bg2 0-0 6. 0-0 dxc4 7. Qc2 a6 8. Qxc4 b5 9. Qc2 Bb7 10. Bd2 Bd5 11. Qc1 b4 12. a3 a5 13. axb4 axb4 14. Rxa8 Bxa8 15. Rd1 Nbd7 16. Bg5 h6 17. Bxf6 Bxf6 18. Nbd2 Qb8 19. Nb3 Be7 20. Ne1 Bxg2 21. Kxg2 Qb7+ 22. f3 Qb5 23. Nd3 Rc8 24. Qc2 e5 25. Rc1 exd4 26. Nxd4 Qd5 27. Nc6 Bd6 28. Ndxb4 Qg5 29. Rd1 Re8 30. e4 Nb6 31. Nd5 Nxd5 32. Rxd5 Qe3 33. Rd3 Qe1 34. Qd1 Qxd1 35. Rxd1 f6 36. Ra1 Kf7 37. Ra7 Ke6 38. Nd4+ Kd7 39. Nf5 Bf8 40. Rb7 g6 41. Nh4 Bc5 42. Rb5 Kc6 43. Rb3 Rd8 44. Nxg6 Rd2+ 45. Kh3 Bd4 46. Nf4 Bxb2 47. Nd5 Kd6 48. Ne3 Kc5 49. Rb7 c6 50. Nf5 h5 51. Ng7 Kd6 52. Nf5+ Kc5 53. Ng7 Kd6 54. Nxh5 c5 55. Nf4 1/2-1/2

[Event "Ambelokipi op 70th"]
[Site "Athens"]
[Date "2006.05.20"]
[Round "5"]
[White "Himaras, Stefanos"]
[Black "Kosmas Lekkas, Dimitrios"]
[Result "1-0"]
[WhiteElo "2218"]
[BlackElo "1965"]
[PlyCount "67"]
[EventDate "2006.05.06"]
[EventType "swiss"]
[EventRounds "7"]
[EventCountry "GRE"]
[SourceTitle "EXT 2007"]
[Source "ChessBase"]
[SourceDate "2006.11.23"]
[SourceVersion "1"]
[SourceVersionDate "2006.11.23"]
[SourceQuality "1"]

1. d4 Nf6 2. c4 g6 3. g3 Bg7 4. Bg2 d6 5. Nf3 0-0 6. 0-0 c5 7. Nc3 Nbd7 8. d5 Ne8 9. e4 Nc7 10. Bf4 Rb8 11. a4 Ne5 12. Nxe5 dxe5 13. Be3 b6 14. Rb1 Ba6 15. Qd3 Qd6 16. Rfc1 e6 17. Nb5 Bxb5 18. cxb5 exd5 19. exd5 f5 20. b4 cxb4 21. Rc6 Qd7 22. Qc4 Rbc8 23. Rc1 b3 24. d6+ Kh8 25. Rxc7 Rxc7 26. Qxc7 Qxc7 27. dxc7 Rc8 28. Rb1 Rxc7 29. Bc6 Rc8 30. Rxb3 e4 31. a5 Rb8 32. axb6 axb6 33. Ra3 Be5 34. Ra6 1-0

[Event "Ambelokipi op 70th"]
[Site "Athens"]
[Date "2006.05.13"]
[Round "3"]
[White "Himaras, Stefanos"]
[Black "Michailidis, Dimitrios"]
[Result "1-0"]
[WhiteElo "2218"]
[BlackElo "2005"]
[PlyCount "53"]
[EventDate "2006.05.06"]
[EventType "swiss"]
[EventRounds "7"]
[EventCountry "GRE"]
[SourceTitle "EXT 2007"]
[Source "ChessBase"]
[SourceDate "2006.11.23"]
[SourceVersion "1"]
[SourceVersionDate "2006.11.23"]
[SourceQuality "1"]

1. d4 Nf6 2. c4 c5 3. Nf3 g6 4. Nc3 cxd4 5. Nxd4 Bg7 6. e4 d6 7. Be2 0-0 8. 0-0 Nc6 9. Be3 Nxd4 10. Bxd4 b6 11. Qd2 Bb7 12. f3 Nd7 13. Rac1 Ne5 14. Rfd1 f5 15. f4 Nc6 16. Bxg7 Kxg7 17. exf5 Rxf5 18. Bg4 Rf7 19. Be6 Rf6 20. Qe3 Bc8 21. Bd5 Bd7 22. Ne4 Rf5 23. Qc3+ e5 24. fxe5 Nxe5 25. Nxd6 Rg5 26. Nf7 Rxg2+ 27. Kxg2 1-0

[Event "Ambelokipi op 65th"]
[Site "Athens"]
[Date "2005.09.28"]
[Round "4"]
[White "Himaras, Stefanos"]
[Black "Solias, Georgios"]
[Result "1/2-1/2"]
[WhiteElo "2155"]
[BlackElo "2011"]
[PlyCount "137"]
[EventDate "2005.09.17"]
[EventType "swiss"]
[EventRounds "7"]
[EventCountry "GRE"]
[SourceTitle "EXT 2007"]
[Source "ChessBase"]
[SourceDate "2006.11.23"]
[SourceVersion "1"]
[SourceVersionDate "2006.11.23"]
[SourceQuality "1"]

1. d4 Nf6 2. Nf3 g6 3. c4 Bg7 4. g3 0-0 5. Bg2 d6 6. Nc3 Nbd7 7. 0-0 e5 8. Re1 exd4 9. Nxd4 a6 10. Rb1 Rb8 11. a4 Re8 12. h3 Ne5 13. b3 Bd7 14. e4 h6 15. Bb2 Nc6 16. Nc2 Be6 17. Nd5 Bxd5 18. cxd5 Na5 19. Bc3 c5 20. dxc6 Nxc6 21. Nd4 Rc8 22. Nxc6 bxc6 23. Qd3 a5 24. Qd2 Ra8 25. Kh1 Kh7 26. Kh2 Ra7 27. Rbd1 h5 28. e5 Nd5 29. Bxd5 cxd5 30. Qxd5 h4 31. Re4 hxg3+ 32. fxg3 Qc8 33. Rc4 Qf5 34. Rd2 dxe5 35. Bxa5 Bh6 36. Re2 Rd7 37. Qe4 Qe6 38. Bb4 f5 39. Qc6 Qf7 40. Be1 Re6 41. Qc5 e4 42. a5 Bf8 43. Qb5 Rb7 44. Qa4 Bd6 45. a6 Rd7 46. Bf2 Bb8 47. Rc6 Re8 48. Qc4 Qg7 49. Rc8 Rxc8 50. Qxc8 Bd6 51. a7 Rxa7 52. Bxa7 Qxa7 53. Kg2 Qd4 54. Qd7+ Kh6 55. Qa4 Qd3 56. Qc4 Qf3+ 57. Kg1 Qxg3+ 58. Kf1 Qxh3+ 59. Ke1 Qg3+ 60. Kd1 Qf3 61. b4 Qd3+ 62. Qxd3 exd3 63. Rd2 Bxb4 64. Rxd3 Kh5 65. Ke2 Bc5 66. Rd5 Ba7 67. Rd7 Bb8 68. Rb7 Bg3 69. Kf3 1/2-1/2

[Event "Kavala op 14th"]
[Site "Kavala"]
[Date "2005.??.??"]
[Round "2"]
[White "Rozentalis, Eduardas"]
[Black "Himaras, Stefanos"]
[Result "1-0"]
[WhiteElo "2567"]
[BlackElo "2155"]
[PlyCount "47"]
[EventDate "2005.08.12"]
[EventType "swiss"]
[EventRounds "9"]
[EventCountry "GRE"]
[SourceTitle "CBM 107 Extra"]
[Source "ChessBase"]
[SourceDate "2005.09.01"]
[SourceVersion "1"]
[SourceVersionDate "2005.09.01"]
[SourceQuality "1"]

1. e4 g6 2. d4 d6 3. Nf3 Nf6 4. Nc3 Bg7 5. Be2 0-0 6. 0-0 c5 7. d5 b6 8. a4 Ba6 9. Bb5 Bb7 10. Re1 Na6 11. h3 Nc7 12. Bc4 Re8 13. Bf4 Bf8 14. Nb5 e5 15. dxe6 Nxe6 16. Bxd6 Nxe4 17. Bxf8 Kxf8 18. Qxd8 Raxd8 19. Nxa7 Nd2 20. Ne5 Nf4 21. Bb5 Bxg2 22. Bxe8 Rxe8 23. Ra3 Ra8 24. Nb5 1-0

[Event "Nikaia op 11th"]
[Site "Nikaia"]
[Date "2003.08.24"]
[Round "9"]
[White "Khetsuriani, Besarion"]
[Black "Himaras, Stefanos"]
[Result "1-0"]
[WhiteElo "2368"]
[BlackElo "2120"]
[PlyCount "85"]
[EventDate "2003.08.17"]
[EventType "swiss"]
[EventRounds "9"]
[EventCountry "GRE"]
[SourceTitle "EXT 2005"]
[Source "ChessBase"]
[SourceDate "2004.11.15"]
[SourceVersion "1"]
[SourceVersionDate "2004.11.15"]
[SourceQuality "1"]

1. d4 Nf6 2. Nf3 b6 3. g3 Bb7 4. Bg2 c5 5. c4 cxd4 6. Qxd4 g6 7. 0-0 Bg7 8. Nc3 d6 9. b3 Nbd7 10. Bb2 0-0 11. Rfd1 a6 12. Ne1 Bxg2 13. Nxg2 Re8 14. Ne3 Qb8 15. Rac1 Qb7 16. Ncd5 h5 17. Rc2 Rad8 18. Qh4 Kf8 19. Qf4 Ng8 20. Bxg7+ Kxg7 21. Qd4+ Kh7 22. h3 e6 23. Nc3 Ndf6 24. a4 Rd7 25. g4 hxg4 26. hxg4 Red8 27. f3 e5 28. Qd2 Ne7 29. Kf2 Kg7 30. g5 Nh5 31. Ncd5 Nxd5 32. Nxd5 b5 33. cxb5 axb5 34. a5 Qa7+ 35. Kg2 Re8 36. Rh1 e4 37. Rxh5 exf3+ 38. exf3 gxh5 39. Nf6 Kf8 40. Nxe8 Kxe8 41. Rc8+ Rd8 42. Rxd8+ Kxd8 43. Qxd6+ 1-0

[Event "Nikaia op 11th"]
[Site "Nikaia"]
[Date "2003.08.20"]
[Round "5"]
[White "Himaras, Stefanos"]
[Black "Nikolaidis, Ioannis"]
[Result "0-1"]
[WhiteElo "2120"]
[BlackElo "2492"]
[PlyCount "70"]
[EventDate "2003.08.17"]
[EventType "swiss"]
[EventRounds "9"]
[EventCountry "GRE"]
[SourceTitle "EXT 2005"]
[Source "ChessBase"]
[SourceDate "2004.11.15"]
[SourceVersion "1"]
[SourceVersionDate "2004.11.15"]
[SourceQuality "1"]

1. e4 c5 2. Nf3 d6 3. c3 Nf6 4. Bd3 Bg4 5. h3 Bh5 6. e5 dxe5 7. Qa4+ Nbd7 8. Nxe5 e6 9. 0-0 Bd6 10. Nxd7 Nxd7 11. Be4 Qc8 12. d4 0-0 13. dxc5 Bxc5 14. Qb5 Rb8 15. Bf4 e5 16. Bf5 exf4 17. Bxd7 Qc7 18. Bg4 Bxg4 19. hxg4 Rbd8 20. Qe2 Qc6 21. Rd1 Rxd1+ 22. Qxd1 Re8 23. b4 Bb6 24. a4 f3 25. gxf3 Rd8 26. Qe2 h5 27. Ra2 hxg4 28. fxg4 Re8 29. Qd1 Qe6 30. Rd2 Bc7 31. Kf1 Qe4 32. f3 Qh7 33. Rg2 Qh1+ 34. Rg1 Qh3+ 35. Rg2 Bb6 0-1

[Event "Nikaia op 11th"]
[Site "Nikaia"]
[Date "2003.08.18"]
[Round "3"]
[White "Himaras, Stefanos"]
[Black "Dochev, Dimitar"]
[Result "1-0"]
[WhiteElo "2120"]
[BlackElo "2380"]
[PlyCount "97"]
[EventDate "2003.08.17"]
[EventType "swiss"]
[EventRounds "9"]
[EventCountry "GRE"]
[SourceTitle "EXT 2005"]
[Source "ChessBase"]
[SourceDate "2004.11.15"]
[SourceVersion "1"]
[SourceVersionDate "2004.11.15"]
[SourceQuality "1"]

1. d4 Nf6 2. Nf3 g6 3. c4 Bg7 4. Nc3 0-0 5. e4 d6 6. Be2 e5 7. Be3 c6 8. 0-0 exd4 9. Bxd4 Re8 10. Qc2 Nbd7 11. Rad1 Qe7 12. Nd2 Nc5 13. Rfe1 Bh6 14. Bf1 Ng4 15. h3 Ne6 16. Nb3 Nxd4 17. Rxd4 Ne5 18. Red1 Be6 19. Rxd6 Nxc4 20. Rxe6 Qxe6 21. Nd4 Qf6 22. Bxc4 Rad8 23. Nf3 Rxd1+ 24. Qxd1 Rd8 25. Qe2 Qf4 26. Bb3 Bg7 27. g3 Qc1+ 28. Kg2 Bxc3 29. Qc4 Rf8 30. bxc3 Qa3 31. h4 Qe7 32. Ng5 h6 33. Nf3 Kg7 34. Qd4+ f6 35. Qxa7 Qxe4 36. Qxb7+ Kh8 37. Qb6 g5 38. hxg5 hxg5 39. Qd4 Qxd4 40. Nxd4 c5 41. Ne6 Rc8 42. Bc4 Kh7 43. g4 Kg6 44. a4 f5 45. Kf3 Kf6 46. a5 Rb8 47. a6 Rb1 48. Nxc5 Rc1 49. Na4 1-0

[Event "Ambelokipi op 34th"]
[Site "Athens"]
[Date "2002.01.30"]
[Round "6"]
[White "Kiriazis, Dimitrios"]
[Black "Himaras, Stefanos"]
[Result "1/2-1/2"]
[WhiteElo "2056"]
[BlackElo "2132"]
[PlyCount "139"]
[EventDate "2002.01.12"]
[EventType "swiss"]
[EventRounds "7"]
[EventCountry "GRE"]
[SourceTitle "CBM 086 Extra"]
[Source "ChessBase"]
[SourceDate "2002.03.14"]
[SourceVersion "1"]
[SourceVersionDate "2002.03.14"]
[SourceQuality "1"]

1. e4 c6 2. d4 d5 3. Nc3 dxe4 4. Nxe4 Nd7 5. Ng5 Ngf6 6. Bd3 e6 7. N1f3 Bd6 8. Qe2 h6 9. Ne4 Nxe4 10. Bxe4 Nf6 11. Bd3 b6 12. Bd2 Qc7 13. 0-0 0-0 14. c4 c5 15. Bc3 Bb7 16. dxc5 Qxc5 17. Bxf6 gxf6 18. Rad1 Rad8 19. Be4 Ba6 20. Bd3 Bb7 21. Be4 Ba6 22. b3 Bb8 23. Rxd8 Rxd8 24. Rd1 Qc7 25. Rxd8+ Qxd8 26. Qd2 Qxd2 27. Nxd2 Kf8 28. g4 Ke7 29. h3 Bc8 30. Kf1 Bf4 31. Ke2 Bd7 32. f3 Kd6 33. Bh7 Bc6 34. Be4 Bd7 35. Nb1 Be5 36. b4 Bb2 37. Kd3 Be8 38. Nd2 Kc7 39. h4 Bd7 40. h5 Be5 41. a3 Bb2 42. Nb1 Kd6 43. Kc2 Bd4 44. Nc3 Ke5 45. Ne2 Ba1 46. c5 bxc5 47. bxc5 Bb5 48. Nc3 Ba6 49. c6 Kd4 50. Na4 f5 51. gxf5 Bc8 52. fxe6 Bxe6 53. Kb1 f5 54. Bc2 Bc3 55. Nxc3 Kxc3 56. Ba4 Kd4 57. Kc2 Kc5 58. Kd3 Kd6 59. Ke3 Bf7 60. f4 Bxh5 61. Kd4 Bg4 62. Ke3 h5 63. Kf2 h4 64. Bb5 Kc7 65. Ke3 Bh5 66. Kf2 Kd6 67. Kg2 Bg4 68. Kf2 Kc7 69. Kg2 Kb6 70. Ba4 1/2-1/2